000
00280nam a22001217a 4500
082
_a
004.19 COM'H
100
_a
KORN, G.A,HUSKEY, HARRY D
_9
60645
245
_a
COMPUTER HANDBOOK
250
_a
1ST
260
_a
NEWYORK
_b
MCGRAW HILL
_c
1962
300
_a
XVIII,21-99P
942
_c
BK
999
_c
570326
_d
570326